| 000 | 00526nam a22001817a 4500 | ||
|---|---|---|---|
| 005 | 20251229163308.0 | ||
| 008 | 251229b |||||||| |||| 00| 0 eng d | ||
| 037 | _cTB | ||
| 040 |
_aAL _cAL |
||
| 084 | _qAL | ||
| 100 |
_aDhillon, Nasib Singh _9860217 |
||
| 245 | _aWhat is what in the holly granth | ||
| 260 |
_aNew Delhi: _bDhillon Pubishers, _c1980. |
||
| 300 | _a133p. | ||
| 365 |
_b210 _cINR |
||
| 942 |
_2CC _cTB _n0 |
||
| 999 |
_c1466596 _d1466596 |
||